000 00771nam a2200205Ii 4500
003 JO-AjNU
008 230605s9999||||xx |||||||||||||| ||und||
040 _aJO-AjNU
_bara
_erda
_cJO-AjNU
041 _aara
050 1 4 _aBP144 2003
100 3 _aوزارة الأوقاف والشؤون الاسلامية,
_eauthor
_943719
245 0 0 _aهيئة الفتوى الشرعية في الكويت (نشأتها- لجانها- عملها)
250 _aط1
264 3 1 _aالكويت: وزارة الاوقاف والشؤون الاسلامية، 2003
300 _a148ص
336 _atext
_btxt
_2rdacontent
337 _aunmediated
_bn
_2rdamedia
338 _avolume
_bnc
_2rdacarrier
650 4 _aفقه اسلامي-الفتوى الشرعية- الكويت
_943720
999 _aA18815
_c22383
_d22383